|
|
|
|
| LEADER |
01633nab#a2200361#ar4500 |
| 001 |
000074972 |
| 003 |
SVKKK |
| 005 |
20111003140904.0 |
| 008 |
080512d1901 xo |||||||||||||||b|hun |
| FMT |
|
|
|
| 038 |
|
|
|a SVKKK
|
| 040 |
|
|
|a SVKKK
|b slo
|e AACR2
|
| 041 |
0 |
|
|a hun
|
| 044 |
|
|
|a xo
|c SK
|
| 080 |
|
|
|a 336.563
|2 1981
|
| 242 |
1 |
0 |
|a Pomoc od Jeho Veličenstva
|y slo
|
| 245 |
1 |
0 |
|a Felségsegély
|
| 500 |
|
|
|a mikrofilm
|
| 520 |
2 |
|
|a Správa o tom, že Jeho veličenstvo uhorský kráľ zo súkromnej pokladnice obdaroval gréckokatolíckych farárov a učiteľov. Farári dostali po 50 korún a učitelia po 30 korún. Farári : Bartolomej (Bertalan) Tutkovich z Vyšnej Radvane [dnes Radvaň nad Laborcom] a Juraj (György) Csurgovich zo Slavkoviec. Gréckokatolícki učitelia: Michal Gregorovics z Vyšnej Radvane, Teodor (Tivadar) Kováli z Falkušoviec a Peter Kerlik učiteľ z Vydrane.
|
| 650 |
0 |
4 |
|a Csurgovich, Juraj (kňaz gréckokatolícky - Slavkovce (Mi)
|
| 650 |
0 |
4 |
|a Gregorovics, Michal (učiteľ gréckokatolícky) - Vyšná Radvaň (HU) - Kováli, Teodor (učiteľ gréckokatolícky) - Falkušovce (Mi) - Kerlik, Peter (učiteľ gréckokatolícky) - Vydraň (HU) - marec 1901 - správy
|
| 650 |
0 |
4 |
|a pomoc finančná - Tutkovics, Bartolomej (kňaz gréckokatolícky) (adresát) - Vyšná Radvaň (HN)
|
| 655 |
|
4 |
|a hungariká
|
| 773 |
0 |
|
|t Felsőmagyarországi Hirlap : Politikai ujság
|g Roč. 4, č. 20 (09.03.1901) s. 3
|
| 957 |
|
|
|a Falkušovce
|
| 957 |
|
|
|a Slavkovce
|
| 957 |
|
|
|a Vydraň
|
| 957 |
|
|
|a Vyšná Radvaň
|
| 958 |
|
|
|a HU
|
| 974 |
|
|
|a Ba
|
| 992 |
|
|
|a RBX
|
| BAS |
|
|
|
| 998 |
|
|
|a RETRO
|